How well do you know Dianne Buswell? - Statistics

General Stats
  • This quiz has been taken 145 times
    119 since last reset
  • The average score is 7 of 10
Answer Stats
Question Answer % Correct
What colour is her dyed hair? Red
99%
What country was she born in? Australia
96%
What is her full name? Dianne Claire Buswell
96%
Who is her boyfriend?... Joe Sugg
89%
What TV show is she on now?..... Strictly Come Dancing
87%
What was their joint tour called that got cancelled earlier this year (2021)? The Joe and Dianne Show
70%
...and what is he best known for? YouTuber
46%
....and who was her first partner on it? Reverand Richard Coles
45%
What is the most viewed video on her channel called? I lined up to prank my boyfriend and he had no idea!
20%
What is she best known for? Ballroom and Latin dancing
8%
No matching quizzes found
Score Distribution
Percent of People with Each Score
Percentile by Number Answered
Your Score History
You have not taken this quiz since the last reset